000 00986nam a2200265 i 4500
001 174895
003 ES-MaACL
005 20230906215702.0
007 c|
008 100617s2006 sp s |||| | spa d
020 _a84-338-3917-9
080 _a929-055.2(0:791.43)
080 _a791.43(460)
100 1 _aGonzález Manrique, Manuel Jesús.
_9143151
245 1 0 _aMujer y moral católica en el cine de la transición española [
_hRecurso electrónico] /
_cManuel Jesús González Manrique.
260 _aGranada :
_bUniversidad de Granada,
_c2006.
300 _a1 disco (CD-ROM) :
_bcol. ;
_c12 cm +
_e1 folleto.
500 _a"Accésit al Premio de divulgación científica de la Universidad de Granada. Vicerrectorado de Investigación 2004"
500 _aFilmografía.
504 _aBibliografía.
650 0 7 _aMujeres-
_xEn el cine.
_915270
650 _aCine-
_zEspaña.
_911025
710 2 _aUniversidad de Granada.
_97176
852 _aES-MaACL
_jROT 2/5/26
999 _c174895
_d174895